HD:R | Ring 2 - Desire Enemies - Statistics

General Stats
  • This quiz has been taken 13 times
  • The average score is 19 of 21
Answer Stats
Hint Answer % Correct
Wave 2 Coiler I
100%
Wave 9 Coiler II
100%
Wave 10 Coiler III
100%
Wave 25 Eeshöl
100%
Wave 10 Elite Exploiter
100%
Wave 8 Exploiter
100%
Wave 16 Moonlit Noob
100%
Wave 1 Noob
100%
Wave 7 Slamo Fanboy
100%
Wave 21 Synapse B
100%
Wave 16 Advanced Noob
89%
Wave 4 Beginner Noob
89%
Wave 6 Intermediate Noob
89%
Wave 22 JJSploit
89%
Wave 17 Psychologically Unsafe Noob
89%
Wave 13 Script Kiddie
89%
Wave 4 Stone Coiler
89%
Wave 20 Synapse A
89%
Wave 12 Elite Obbyist
78%
Wave 11 Noob Golem
78%
Wave 12 Wind-Up Noob
78%
No matching quizzes found
Score Distribution
Percent of People with Each Score
Percentile by Number Answered
Your Score History
You have not taken this quiz